| 000 | 02896cam a2200433 a 4500 | ||
|---|---|---|---|
| 999 |
_c18218 _d18218 |
||
| 001 | 16091493 | ||
| 005 | 20161203112006.0 | ||
| 008 | 100212s2010 fluab b 001 0 eng | ||
| 010 | _a 2010005713 | ||
| 015 |
_2bnb _aGBB007319 |
||
| 016 | 7 |
_a015468714 _2Uk |
|
| 020 | _a9781439817940 (alk. paper) | ||
| 020 | _a1439817944 (alk. paper) | ||
| 035 | _a(OCoLC)ocn462926063 | ||
| 040 |
_aDLC _cDLC _dYDX _dUKM _dBTCTA _dYDXCP _dBWX _dCDX _dAGL _dYAM _dCUS _dDLC |
||
| 050 | 0 | 0 |
_aRA1226 _b.W55 2010 |
| 070 | 0 |
_aRA1226 _b.W55 2010 |
|
| 100 | _aedited by Kendall,Ronald J. | ||
| 245 | 0 | 0 |
_aWildlife toxicology : _bemerging contaminant and biodiversity issues / _cedited by Ronald J. Kendall ... [et al.] ; with a foreword by Thomas Lovejoy. |
| 260 |
_aBoca Raton, FL : _bCRC Press, _cc2010. |
||
| 300 |
_axvii, 321 p. : _bill., maps ; _c25 cm. |
||
| 500 | _aUpdate of: Wildlife toxicology and population modeling : integrated studies of agroecosystems / edited by Ronald J. Kendall and Thomas E. Lacher. Boca Raton : Lewis Pub., c1994. Cf. pref. | ||
| 504 | _aIncludes bibliographical references and index. | ||
| 505 | 0 | _aEnvironmental toxicology of munitions-related compounds : nitroaromatics and nitramines / Todd A. Anderson -- Agriculture : pesticides, plant genetics, and biofuels / Spencer R. Mortensen, Thomas E. Nickson, and George P. Cobb -- Influence of pesticides and environmental contaminants on emerging diseases of wildlife / Steven M. Presley, Galen P. Austin, and C. Brad Dabbert -- Impacts of contaminants and pesticides on biodiversity and ecosystem structure and function / Thomas F. Lacher Jr. ... [et al.] -- Impacts of anthropogenic CO₂ and climate change on the biologyof terrestrial and marine systems / Lee Hannah -- Statistical models in wildlife toxicology / Stephen B. Cox -- Global perspectives on wildlife toxicology : emerging issues / Philip N. Smith ... [et al.] -- Ecological risk assessment and emerging issues in wildlife toxicology / Chrisopher J. Salice -- Looking forward : the global future of wildlife toxicology / Ronald J. Kendall ... [et al.]. | |
| 650 | 0 | _aEnvironmental toxicology. | |
| 650 | 0 | _aPesticides and wildlife. | |
| 650 | 0 | _aWildlife conservation. | |
| 650 | 0 | _aBiodiversity conservation. | |
| 650 | 0 |
_aAnimals _xEffect of pollution on. |
|
| 650 | 2 |
_aEnvironmental Pollution _xadverse effects. |
|
| 650 | 2 |
_aEnvironmental Pollutants _xtoxicity. |
|
| 650 | 2 | _aAnimals, Wild. | |
| 650 | 2 | _aEcosystem. | |
| 700 | 1 | _aKendall, Ronald J. | |
| 730 | 0 | _aWildlife toxicology and population modeling. | |
| 942 |
_2lcc _cBOOKS _hRA1226 .W55 2010 |
||